000 01041nam a2200301Ia 4500
001 Para_8848
003 CHAP
008 220125s2004 xx 000 0 und d
010 _a207611
040 _cCHAP
090 _aPA TESIS 1810
100 _aGonzález Nepomuceno, Gildardo
_949228
245 _aFungicidas a la semilla para el control de enfermedades radiculares y foliares en el cultivo de cebada en Apan Hidalgo, México /
_c por Gildardo González Nepomuceno
260 _aChapingo, Méx. :
_b el autor
300 _a49 h.
502 _aTesis (Ing. Agr. Esp. en Parasitología Agrícola) -- UACh. Departamento Parasitología Agrícola
650 _aCebada
_x enfermedades
_920674
650 _aFungicidas
_944044
650 _aHongos fitopatógenos
_956132
710 _aUACh. Departamento Parasitología Agrícola
_9164025
901 _aPA TESIS 1810
902 _aA
905 _a0000002004 n 0000000000 00
910 _a2004
942 _cPARA
942 _cPARA
_d1
999 _c207611
_d207611